| 000 | 01406nam0a2200325 4500 | ||
|---|---|---|---|
| 001 | RU\NLR\bibl\4879 | ||
| 005 | 20260408160526.0 | ||
| 010 |
_a5-85661-011-3 _9200 |
||
| 021 |
_aRU _b98-4160 _9199 |
||
| 035 | _a(NLR Aleph) 000004743 | ||
| 090 |
_a12657 _c12657 |
||
| 100 | _a19980813d1997 |||y0rusy50 ca | ||
| 101 | 0 | _arus | |
| 102 | _aRU | ||
| 105 | _ay ||||||||| | ||
| 200 | 1 |
_aИсцеление философией _fОрлов Ю.М. _g[Ин-т пробл. сознания Междунар. акад. информатизации ООН] |
|
| 210 |
_aМ. _cИмпринт-Гольфстрим _d1997 |
||
| 215 |
_a[1],36 с. _d21 |
||
| 225 | 1 | _aСер.: Исцеление размышлением | |
| 300 | _aНа 4-й с. обл. авт.: Орлов Ю.М., проф.,д. психол. н., к. филос. н., акад. Междунар. акад. информатизации | ||
| 606 | 0 |
_aПсихическое здоровье _91901018 _3RU\NLR\auth\661155303 |
|
| 606 |
_aМировоззрение _3RU\NLR\auth\66226517 _91309748 |
||
| 686 | _aЮ948.1-8 | ||
| 700 | 1 |
_4070 _8rus _7ca _aОрлов _bЮ. М. _cд-р психол. наук _f1928-2000 _gЮрий Михайлович _3RU\NLR\auth\774441 _9114422 |
|
| 801 | 0 |
_aRU _bNLR _c19980813 _gPSBO |
|
| 801 | 1 |
_aRU _bNLR _c19980813 |
|
| 830 | _aАвт. раскрыт по кн. | ||
| 852 |
_aNLR _j98-4/2074 |
||
| 942 | _cBOOK | ||
| 980 | _aNB | ||